[Event "CFriend CP-2005-P-00020"]
[Site "Chessfriend.com"]
[Date "2005.10.01"]
[Round "1"]
[White "El Deek, Wassim"]
[Black "Tanti, Joseph G"]
[Result "0-1"]
[WhiteElo "541"]
[BlackElo "1975"]
[PlyCount "70"]
[EventDate "2005.??.??"]
[EventType "tourn (corr)"]
[EventRounds "4"]
[SourceTitle "Corr 2008"]
[Source "ChessBase"]
[SourceDate "2008.06.24"]
[SourceVersion "1"]
[SourceVersionDate "2008.06.24"]
[SourceQuality "1"]

1. e4 e5 2. c4 Nf6 3. Nc3 Bc5 4. h3 0-0 5. d3 c6 6. Bg5 h6 7. Bd2 Re8 8. Be2 d5 9. cxd5 cxd5 10. exd5 Nxd5 11. Qb3 Nb4 12. Ne4 Be6 13. Nxc5 Bxb3 14. Bxb4 Bd5 15. Nf3 Qb6 16. a3 a5 17. Na4 Qc6 18. Bxa5 Rxa5 19. Nc3 Qb6 20. Rb1 Bxf3 21. Bxf3 Nc6 22. Bxc6 Qxc6 23. 0-0 Qg6 24. Rbd1 Rd8 25. Ne2 Rxd3 26. Ng3 Rxd1 27. Rxd1 Qc2 28. Rd8+ Kh7 29. Rd7 Qxb2 30. Rxf7 Rxa3 31. Kh2 Kg8 32. Re7 Qxf2 33. Nh5 g5 34. Rxe5 Rxh3+ 35. Kxh3 Qh4# 0-1

[Event "CFriend CP-2005-P-00020"]
[Site "Chessfriend.com"]
[Date "2005.10.01"]
[Round "1"]
[White "Knoeppel, Bjoern"]
[Black "El Deek, Wassim"]
[Result "1-0"]
[WhiteElo "2115"]
[BlackElo "541"]
[PlyCount "67"]
[EventDate "2005.??.??"]
[EventType "tourn (corr)"]
[EventRounds "4"]
[SourceTitle "Corr 2024"]
[Source "ChessBase"]
[SourceDate "2023.10.19"]
[SourceVersion "1"]
[SourceVersionDate "2023.10.19"]
[SourceQuality "1"]

1. d4 d5 2. Nc3 h6 3. e4 e6 4. Nf3 Bb4 5. Bd3 Nf6 6. exd5 Nxd5 7. Bd2 Bxc3 8. bxc3 a6 9. Ne5 Nc6 10. Nxc6 bxc6 11. Qg4 Qf6 12. 0-0 Bd7 13. c4 Ne7 14. Bb4 Ng6 15. Rfe1 Ne7 16. Bc5 0-0 17. Qe4 Ng6 18. Bxf8 Rxf8 19. c5 a5 20. Rab1 Qd8 21. f4 f5 22. Qe3 Qh4 23. g3 Qf6 24. Bc4 Re8 25. Rb7 Qd8 26. a4 h5 27. Reb1 Kf7 28. Ra7 h4 29. Rbb7 hxg3 30. hxg3 Kf6 31. Rxc7 Re7 32. Rxd7 Qe8 33. Rxe7 Qxe7 34. Rxe7 1-0